La Araucana : (Record no. 153673)
[ view plain ]
| 000 -LEADER | |
|---|---|
| campo de control de longitud fija | 01892nam a2200373 i 4500 |
| 001 - NÚMERO DE CONTROL | |
| campo de control | 153673 |
| 003 - IDENTIFICADOR DE NÚMERO DE CONTROL | |
| campo de control | ES-MaACL |
| 005 - FECHA Y HORA DE LA ÚLTIMA TRANSACCIÓN | |
| campo de control | 20251013231358.0 |
| 008 - DATOS DE LONGITUD FIJA--INFORMACIÓN GENERAL | |
| campo de control de longitud fija | 931025s1776 sp f 001 0 spa d |
| 080 ## - NÚMERO DE LA CLASIFICACIÓN DECIMAL UNIVERSAL | |
| Número de la Clasificación Decimal Universal | 821.134.2-13"15" |
| 080 ## - NÚMERO DE LA CLASIFICACIÓN DECIMAL UNIVERSAL | |
| Número de la Clasificación Decimal Universal | 94(83)"1535/60"(0:82) |
| 100 1# - ENTRADA PRINCIPAL--NOMBRE DE PERSONA | |
| Nombre de persona | Ercilla y Zúñiga, Alonso de. |
| 9 (RLIN) | 47364 |
| 245 13 - MENCIÓN DEL TÍTULO | |
| Título | La Araucana : |
| Resto del título | parte I [-III] / |
| Mención de responsabilidad, etc. | su autor Alonso de Ercilla y Zuñiga. |
| 260 ## - PUBLICACIÓN, DISTRIBUCIÓN, ETC. | |
| Lugar de publicación, distribución, etc. | En Madrid : |
| Nombre del editor, distribuidor, etc. | por Antonio de Sancha..., |
| Fecha de publicación, distribución, etc. | 1776. |
| 300 ## - DESCRIPCIÓN FÍSICA | |
| Extensión | 3 pt. en 2 v. , (LVI, 298 p., [2] en bl., [2] h. de lám., [1] h. de lám. pleg. ; 413 p., [2] en bl., [2] h. de lám.) ; |
| Dimensiones | 19 cm. |
| 530 ## - NOTA DISPONIBLE DE FORMULARIO FÍSICO ADICIONAL | |
| Nota de formato físico adicional disponible | Disponible en formato digital. |
| 594 ## - Nota al título y mención de responsabilidad | |
| Nota al título y mención de responsabilidad | La Parte III comienza en la p. 263 |
| 595 ## - | |
| -- | Según Manuel Santa María Campos hay 4 ediciones de esta obra impresas por Sancha con el mismo año. |
| 597 ## - NOTA DE DESCRIPCIÓN FÍSICA | |
| NOTA DE DESCRIPCIÓN FÍSICA | Sign.: Sign.: a-c8, d4, A-S8, T6 ; A-Z8, Aa-Cc8. |
| 597 ## - NOTA DE DESCRIPCIÓN FÍSICA | |
| NOTA DE DESCRIPCIÓN FÍSICA | Antep. |
| 597 ## - NOTA DE DESCRIPCIÓN FÍSICA | |
| NOTA DE DESCRIPCIÓN FÍSICA | Tercera parte con port. propia, en p. 263 de la 2ª secuencia. |
| 599 ## - NOTA A LAS ILUSTRACIONES | |
| NOTA A LAS ILUSTRACIONES | Lám.: escenas de la conquista española de Chile, firmadas: "Ant. Carnicero la inv. y dib. J. Joaquín Fabregat la gravo"; "Antonio Carnicero la inventó y dibujó. Gil.", "Anton. Carnicero inv. et del. Moreno Tejada fc." |
| 651 #4 - PUNTO DE ACCESO ADICIONAL DE MATERIA--NOMBRE GEOGRÁFICO | |
| Nombre geográfico | Chile- |
| Subdivisión general | Descripción- |
| Subdivisión de forma | Obras anteriores a 1800. |
| 9 (RLIN) | 164468 |
| 651 #4 - PUNTO DE ACCESO ADICIONAL DE MATERIA--NOMBRE GEOGRÁFICO | |
| Nombre geográfico | Chile- |
| Subdivisión general | Historia- |
| Subdivisión cronológica | 1535-1560, descubrimiento y conquista. |
| 9 (RLIN) | 8039 |
| 651 #4 - PUNTO DE ACCESO ADICIONAL DE MATERIA--NOMBRE GEOGRÁFICO | |
| Nombre geográfico | Chile- |
| Subdivisión general | Historia- |
| Subdivisión cronológica | 1560-1810, Época colonial. |
| 9 (RLIN) | 153615 |
| 700 1# - ENTRADA AGREGADA--NOMBRE PERSONAL | |
| Nombre de persona | Sancha, Antonio de. |
| 9 (RLIN) | 132385 |
| 700 1# - ENTRADA AGREGADA--NOMBRE PERSONAL | |
| Nombre de persona | Carnicero, Antonio. |
| 9 (RLIN) | 35379 |
| 700 1# - ENTRADA AGREGADA--NOMBRE PERSONAL | |
| Nombre de persona | Moreno Tejada, Juan. |
| 9 (RLIN) | 130174 |
| 700 1# - ENTRADA AGREGADA--NOMBRE PERSONAL | |
| Nombre de persona | Fabregat, José Joaquín, |
| Fechas asociadas al nombre | 1748-1807 |
| 9 (RLIN) | 150757 |
| 752 ## - ENTRADA AGREGADA--NOMBRE JERÁRQUICO DEL LUGAR | |
| País o entidad superior | España - |
| Ciudad | Madrid |
| 852 4# - LOCALIZACIÓN | |
| Ubicación | ES-MaACL |
| Número de control de estantería | R-414-15 |
| Nota libre | - Enc. pasta |
| Encuadernación | - Olim: D-906-7 |
| 856 4# - LOCALIZACIÓN Y ACCESO ELECTRÓNICOS | |
| Identificador Uniforme de Recursos | <a href="http://bdh-rd.bne.es/viewer.vm?id=0000001345&page=1 ">http://bdh-rd.bne.es/viewer.vm?id=0000001345&page=1 </a> |
| Nota pública | Biblioteca Digital Hispánica |
| Estatus retirado | Estado de pérdida | Estado de daño | No para préstamo | Colección | Biblioteca de origen | Biblioteca actual | Ubicación en estantería | Fecha de adquisición | Total de préstamos | Signatura topográfica completa | Código de barras | Visto por última vez | Precio de reemplazo | Tipo de ítem Koha |
|---|---|---|---|---|---|---|---|---|---|---|---|---|---|---|
| Colección digital | Biblioteca del Ateneo de Madrid | Biblioteca del Ateneo de Madrid | Depósito | 17/01/2008 | R-414-15 | 1160654 | 23/02/2023 | 23/02/2023 | Libro impreso antiguo |
